000 00570nam a22001697a 4500
082 _a618.92
_bKHA
100 3 _aKhan, Pervez Akbar
_9113632
245 _aBasis of pediatrics /
_cPervez Akbar Khan
250 _aEleventh edition.
260 3 _aMultan (Pakistan) :
_bNishtar Publications (Pvt.) Ltd.,
_c2024.
300 _axii, 628 pages ;
_billustrations ;
_c27 cm.
563 _aPbk.
650 0 _aPediatrics
_9113391
650 0 _aChildren
_xDiseases
_xTreatment
_9126833
942 _2ddc
_cBK
999 _c612281
_d612281